Normal view
MARC view
- Hizairi Othman,
Entry Personal Name
001 - CONTROL NUMBER
- control field: 7432
003 - CONTROL NUMBER IDENTIFIER
- control field: OSt
005 - DATE AND TIME OF LATEST TRANSACTION
- control field: 20170524080449.0
008 - FIXED-LENGTH DATA ELEMENTS
- fixed length control field: 170524|| aca||aabn | a|a d
040 ## - CATALOGING SOURCE
- Original cataloging agency: OSt
- Transcribing agency: OSt
100 ## - HEADING--PERSONAL NAME
- Personal name: Hizairi Othman,
- Dates associated with a name: 1970-
670 ## - SOURCE DATA FOUND
- Source citation: Work cat.: (OSt)0: Hizairi Othman, 1970-, Kreativiti dalam penciptaan karya sastera /, 2000

PORTAL AKMAL
E-MEL JKDM
AKMAL2U
G-BAM
u-PUSTAKA